| 000 -LEADER |
| fixed length control field |
00768nam a2200217Ia 4500 |
| 001 - CONTROL NUMBER |
| control field |
20081 |
| 003 - CONTROL NUMBER IDENTIFIER |
| control field |
GE_BSU |
| 005 - DATE AND TIME OF LATEST TRANSACTION |
| control field |
20250515165529.0 |
| 008 - FIXED-LENGTH DATA ELEMENTS--GENERAL INFORMATION |
| fixed length control field |
181216s1986||||ru |||||||||||||| ||rus|| |
| 040 ## - CATALOGING SOURCE |
| Transcribing agency |
GE_BSU |
| 080 ## - UNIVERSAL DECIMAL CLASSIFICATION NUMBER |
| Universal Decimal Classification number |
656.614.3(035) С-53 |
| 100 ## - MAIN ENTRY--PERSONAL NAME |
| Personal name |
Снопов, В. И. |
| 9 (RLIN) |
25050 |
| 245 ## - TITLE STATEMENT |
| Title |
Перевозка грузов морем : |
| Remainder of title |
Справочное пособие / |
| Statement of responsibility, etc. |
В.И. Снопо ; Ред. И.Н. Сазонов |
| 250 ## - EDITION STATEMENT |
| Edition statement |
2-е издание перераб. и дополн. |
| 264 ## - PRODUCTION, PUBLICATION, DISTRIBUTION, MANUFACTURE, AND COPYRIGHT NOTICE |
| Place of production, publication, distribution, manufacture |
Москва : |
| Name of producer, publisher, distributor, manufacturer |
Транспорт, |
| Date of production, publication, distribution, manufacture, or copyright notice |
1986. |
| 300 ## - PHYSICAL DESCRIPTION |
| Extent |
311 стр. : |
| Other physical details |
рис.; |
| Dimensions |
22 см. |
| 653 ## - INDEX TERM--UNCONTROLLED |
| keyword |
Перевозка грузов морем |
| 653 ## - INDEX TERM--UNCONTROLLED |
| keyword |
Справочное пособие |
| 942 ## - ADDED ENTRY ELEMENTS (KOHA) |
| Koha item type |
წიგნი |
| Source of classification or shelving scheme |
|